000 00573nam a2200181Ia 4500
008 240925s9999 xx 000 0 und d
020 _a201877449
082 _a510 CRO
100 _aCroft, Anthony ; Robert , Davison ; Martin , Hargreaves
245 0 _aEngineering Mathematics: a modern foundation for electrtonic,electrical and control Engineers
250 _a2nd
260 _aHarlow:
_bAddison-Wesley
_c,1996.
300 _axviii,581p.
_bNA
_fOriginal
500 _aIncludes Index
600 _aHumanities & Natural Science
650 _aMathematics
942 _cBK
999 _c4688
_d4688